Statistics for Countries of the World Quiz (beginners)

Click here to take the quiz!

General Stats

  • This quiz has been taken 5 times
  • The average score is 109 of 196

Answers on the Map

Answers color-coded by a green-red scale on the quiz's map according to % correct below.
 

Answer Stats

Country% Correct
United States
100%
Australia
80%
Brazil
80%
Canada
80%
Chile
80%
China
80%
Denmark
80%
Germany
80%
Iceland
80%
Iran
80%
Iraq
80%
Ireland
80%
Mexico
80%
New Zealand
80%
Russia
80%
United Kingdom
80%
Afghanistan
60%
Albania
60%
Algeria
60%
Angola
60%
Argentina
60%
Austria
60%
Bahamas
60%
Bahrain
60%
Bangladesh
60%
Barbados
60%
Belarus
60%
Belgium
60%
Bosnia and
Herzegovina
60%
Botswana
60%
Brunei
60%
Bulgaria
60%
Cambodia
60%
Cameroon
60%
Central African Republic
60%
Colombia
60%
Costa Rica
60%
Croatia
60%
Cuba
60%
Cyprus
60%
Czech Republic
60%
Democratic Republic
of the Congo
60%
Dominica
60%
Dominican Republic
60%
East Timor
60%
Ecuador
60%
Egypt
60%
Equatorial Guinea
60%
Estonia
60%
Federated States of
Micronesia
60%
Fiji
60%
Finland
60%
France
60%
Gambia
60%
Georgia
60%
Ghana
60%
Greece
60%
Guatemala
60%
Guinea
60%
Hungary
60%
India
60%
Indonesia
60%
Israel
60%
Italy
60%
Jamaica
60%
Japan
60%
Jordan
60%
Kazakhstan
60%
Kenya
60%
Kiribati
60%
Kuwait
60%
Laos
60%
Latvia
60%
Lebanon
60%
Lesotho
60%
Liberia
60%
Libya
60%
Lithuania
60%
Madagascar
60%
Malaysia
60%
Maldives
60%
Mali
60%
Malta
60%
Marshall Islands
60%
Mauritius
60%
Moldova
60%
Monaco
60%
Mongolia
60%
Morocco
60%
Myanmar
60%
Namibia
60%
Nauru
60%
Nepal
60%
Netherlands
60%
Niger
60%
Nigeria
60%
North Korea
60%
North Macedonia
60%
Norway
60%
Oman
60%
Pakistan
60%
Palau
60%
Panama
60%
Papua New Guinea
60%
Peru
60%
Philippines
60%
Poland
60%
Portugal
60%
Qatar
60%
Romania
60%
Rwanda
60%
Saint Kitts and Nevis
60%
Saint Vincent and the
Grenadines
60%
Samoa
60%
Saudi Arabia
60%
Senegal
60%
Serbia
60%
Slovakia
60%
Slovenia
60%
Solomon Islands
60%
Somalia
60%
South Africa
60%
South Korea
60%
South Sudan
60%
Spain
60%
Sri Lanka
60%
Sudan
60%
Sweden
60%
Switzerland
60%
Taiwan
60%
Tanzania
60%
Thailand
60%
Togo
60%
Tonga
60%
Tunisia
60%
Turkey
60%
Turkmenistan
60%
Tuvalu
60%
Uganda
60%
United Arab Emirates
60%
Uzbekistan
60%
Vanuatu
60%
Vietnam
60%
Yemen
60%
Zambia
60%
Andorra
40%
Antigua and Barbuda
40%
Armenia
40%
Azerbaijan
40%
Belize
40%
Benin
40%
Bhutan
40%
Burkina Faso
40%
Burundi
40%
Cape Verde
40%
Chad
40%
Comoros
40%
Djibouti
40%
Eritrea
40%
Eswatini
40%
Grenada
40%
Guinea-Bissau
40%
Guyana
40%
Haiti
40%
Honduras
40%
Ivory Coast
40%
Kosovo
40%
Kyrgyzstan
40%
Liechtenstein
40%
Luxembourg
40%
Malawi
40%
Montenegro
40%
Mozambique
40%
Paraguay
40%
Republic of the Congo
40%
San Marino
40%
São Tomé and Príncipe
40%
Singapore
40%
Suriname
40%
Syria
40%
Tajikistan
40%
Ukraine
40%
Uruguay
40%
Vatican City
40%
Zimbabwe
40%
Bolivia
20%
El Salvador
20%
Ethiopia
20%
Gabon
20%
Mauritania
20%
Nicaragua
20%
Saint Lucia
20%
Seychelles
20%
Sierra Leone
20%
Trinidad and Tobago
20%
Venezuela
20%

Score Distribution

Percentile by Number Answered

Percent of People with Each Score

Your Score History

You have not taken this quiz